000 00532nam a2200193 a 4500
001 1769942616064
003 YourLibrary
005 20260201163956.0
008 260201s1999##################000#0#eng##
020 _a9780345423795
082 0 4 _a305.389664
_bAND
100 1 _aTobias, Andrew,
_eauthor.
245 1 0 _aThe Best Little Boy in the World Grows Up :
260 _bBallantine Books,
_c1999.
300 _a292 pages
650 0 _aBiography & Autobiography.
942 _cENGLISH
040 _aYourLibrary
_beng
_cYourLibrary
999 _c609850
_d609850